Manual del tasador rural /
Guardado en:
| Autor Principal: | |
|---|---|
| Formato: | Libro |
| Idioma: | Spanish |
| Publicado: |
Buenos Aires :
Letra & Línea,
1995.
|
| Etiquetas: |
Agregar Etiqueta
Sin Etiquetas, Sea el primero en etiquetar este registro!
|
| LEADER | 00473nam a22001575a 4500 | ||
|---|---|---|---|
| 001 | EEA.libagro005256 | ||
| 005 | 20180920114407.0 | ||
| 008 | 130809s1995####ag#a##########000#0#spa#d | ||
| 020 | |a 9504365698 | ||
| 082 | 0 | 4 | |a 333.332 |
| 082 | 0 | 4 | |a D348.4 |
| 100 | 1 | |a Lanusse, Ernesto J. | |
| 245 | 1 | 0 | |a Manual del tasador rural / |c Ernesto J. Lanusse. |
| 260 | |a Buenos Aires : |b Letra & Línea, |c 1995. | ||
| 300 | |a 69 p. : |b il. ; |c 20 cm. | ||
| 859 | |a AR-BbBCA |b BIB. AGRONOMIA |h 333.332 |i L297 |p 1996/2529 | ||
